[Event "Francophonie-ch 9th"]
[Site "Yamoussoukro"]
[Date "2023.07.12"]
[Round "9"]
[White "Amako, Marc Arnold"]
[Black "Guipi Bopala, Prince Eric Jr"]
[Result "1-0"]
[WhiteElo "1720"]
[BlackElo "1861"]
[PlyCount "57"]
[EventDate "2023.07.02"]
[EventType "swiss"]
[EventRounds "9"]
[EventCountry "IVO"]
[SourceTitle "CBM 215 Extra"]
[Source "ChessBase"]
[SourceDate "2023.09.30"]
[SourceVersion "1"]
[SourceVersionDate "2023.09.30"]
[SourceQuality "1"]

1. e4 c6 2. d4 d5 3. e5 Bf5 4. h4 Qb6 5. Nc3 h5 6. Na4 Qa5+ 7. c3 e6 8. b4 Bxb4 9. cxb4 Qxb4+ 10. Bd2 Qxd4 11. Nf3 Qe4+ 12. Be2 d4 13. Nc5 Qd5 14. Bb4 b6 15. Nb7 c5 16. Nd6+ Kf8 17. Qa4 Nc6 18. Bc4 Bc2 19. Qb5 Bd3 20. Bxd3 Nxe5 21. Nxe5 Qxe5+ 22. Ne4 f5 23. f4 Qxf4 24. Bd2 Qe5 25. 0-0 Nf6 26. Ng5 Ng4 27. Bf4 Qf6 28. Qc6 Ke7 29. Bd6+ 1-0

[Event "Montreal Mercredi 05"]
[Site "Montreal"]
[Date "2019.05.24"]
[Round "5"]
[White "Guipi Bopala, Prince Eric Jr"]
[Black "Barko, Maxim"]
[Result "1/2-1/2"]
[WhiteElo "1824"]
[BlackElo "1832"]
[PlyCount "65"]
[EventDate "2019.05.08"]
[EventType "swiss"]
[EventRounds "5"]
[EventCountry "CAN"]
[SourceTitle "EXT 2022"]
[Source "ChessBase"]
[SourceDate "2021.10.06"]
[SourceVersion "1"]
[SourceVersionDate "2021.10.06"]
[SourceQuality "1"]

1. d4 g6 2. Bf4 Bg7 3. Nc3 d6 4. Qd2 Nd7 5. e4 c5 6. dxc5 Nxc5 7. Bb5+ Bd7 8. Bxd7+ Qxd7 9. Nge2 Rc8 10. 0-0 e5 11. Be3 Nf6 12. f3 h5 13. Rfd1 Rd8 14. a4 a6 15. b4 Ne6 16. Bb6 Nc7 17. b5 Bf8 18. bxa6 bxa6 19. Qd3 Ra8 20. Rab1 Be7 21. Rb3 0-0 22. Be3 Rfb8 23. Rdb1 Rxb3 24. Rxb3 Kg7 25. Rb7 Qc8 26. Rb1 Rb8 27. Qc4 Rxb1+ 28. Nxb1 Qb7 29. Nbc3 Ne6 30. Qb3 Qc6 31. Qb6 Qc4 32. Qb3 Qc6 33. Qb6 1/2-1/2

[Event "Quebec-ch U20"]
[Site "Montreal"]
[Date "2019.04.28"]
[Round "5.6"]
[White "Hu, Raymond"]
[Black "Guipi Bopala, Prince Eric Jr"]
[Result "1/2-1/2"]
[WhiteElo "1462"]
[BlackElo "1843"]
[PlyCount "48"]
[EventDate "2019.04.??"]
[EventType "swiss"]
[EventRounds "5"]
[EventCountry "CAN"]
[SourceTitle "EXT 2022"]
[Source "ChessBase"]
[SourceDate "2021.10.06"]
[SourceVersion "1"]
[SourceVersionDate "2021.10.06"]
[SourceQuality "1"]

1. e4 e5 2. Nf3 Nc6 3. Bb5 a6 4. Ba4 Nf6 5. 0-0 Be7 6. Re1 b5 7. Bb3 0-0 8. c3 d5 9. exd5 Nxd5 10. h3 Bf6 11. d4 exd4 12. cxd4 Bf5 13. Be3 b4 14. Bc2 Nxe3 15. fxe3 Bxc2 16. Qxc2 Qd7 17. Nbd2 Ne7 18. Rac1 Rfe8 19. Ne4 Qe6 20. Nc5 Qd6 21. Ne4 Qe6 22. Nc5 Qd6 23. Ne4 Qe6 24. Nc5 Qd6 1/2-1/2

[Event "Montreal Perce Neige"]
[Site "Montreal"]
[Date "2019.03.30"]
[Round "2.1"]
[White "Landry, Sylvain"]
[Black "Guipi Bopala, Prince Eric Jr"]
[Result "0-1"]
[WhiteElo "2078"]
[BlackElo "1823"]
[PlyCount "108"]
[EventDate "2019.03.30"]
[EventType "swiss"]
[EventRounds "4"]
[EventCountry "CAN"]
[SourceTitle "EXT 2022"]
[Source "ChessBase"]
[SourceDate "2021.10.06"]
[SourceVersion "1"]
[SourceVersionDate "2021.10.06"]
[SourceQuality "1"]

1. e4 e5 2. Bc4 Nc6 3. Nf3 Bc5 4. d3 Nf6 5. 0-0 d6 6. c3 0-0 7. Nbd2 a6 8. Bb3 Ba7 9. Nc4 h6 10. Bc2 Qe7 11. Ne3 Be6 12. d4 exd4 13. cxd4 Bd7 14. Re1 Rae8 15. a3 Qd8 16. Nd5 Nxd5 17. exd5 Rxe1+ 18. Qxe1 Re8 19. Qd1 Nxd4 20. Nxd4 Bxd4 21. Bf4 Qf6 22. Bg3 Bb5 23. a4 Bc4 24. Qg4 Bxd5 25. Rd1 c5 26. h3 Bc4 27. Rd2 Bd5 28. b3 Bc6 29. Kh2 Be5 30. f4 Bd4 31. Bh4 Qe6 32. Bf5 Qe3 33. Rd1 Qe2 34. Re1 Qxg4 35. Rxe8+ Bxe8 36. Bxg4 b5 37. Be2 bxa4 38. bxa4 Bxa4 39. Bxa6 Bb3 40. Be7 d5 41. Bb7 f5 42. Kg3 Kf7 43. Bd6 Ke6 44. Bf8 c4 45. Bc8+ Kf6 46. Kf3 Bd1+ 47. Kg3 Bb2 48. Bb7 Ke6 49. Bc8+ Kf7 50. Bc5 d4 51. Bxf5 d3 52. Bb4 Be2 53. Kf2 c3 54. Be4 c2 0-1

[Event "Montreal Mercredi 02"]
[Site "Montreal"]
[Date "2019.03.08"]
[Round "5"]
[White "Guipi Bopala, Prince Eric Jr"]
[Black "Kapush, Oleksandr"]
[Result "1/2-1/2"]
[WhiteElo "1826"]
[BlackElo "1857"]
[PlyCount "76"]
[EventDate "2019.02.20"]
[EventType "swiss"]
[EventRounds "5"]
[EventCountry "CAN"]
[SourceTitle "EXT 2022"]
[Source "ChessBase"]
[SourceDate "2021.10.06"]
[SourceVersion "1"]
[SourceVersionDate "2021.10.06"]
[SourceQuality "1"]

1. d4 Nf6 2. Bf4 c5 3. d5 b5 4. e3 Qa5+ 5. c3 Bb7 6. d6 Qb6 7. dxe7 Bxe7 8. h3 0-0 9. Nf3 d5 10. Be2 Nbd7 11. 0-0 a5 12. Nbd2 a4 13. b3 axb3 14. axb3 Rxa1 15. Qxa1 Ra8 16. Qb2 Ne4 17. Nxe4 dxe4 18. Ne5 Nxe5 19. Bxe5 Qe6 20. Bg3 Qa6 21. Rd1 h6 22. c4 b4 23. Be5 f6 24. Ra1 Qxa1+ 25. Qxa1 Rxa1+ 26. Bxa1 Kf7 27. f3 exf3 28. Bxf3 Bxf3 29. gxf3 Ke6 30. e4 Bd6 31. Bb2 Bf4 32. Kf2 h5 33. Ke2 Kf7 34. Kf2 Kg6 35. Ke2 Kg5 36. Kf2 Kh4 37. Kg2 Kg5 38. Kf2 Kh4 1/2-1/2

[Event "Montreal Mercredi 02"]
[Site "Montreal"]
[Date "2019.03.06"]
[Round "3"]
[White "Nunez, Omar"]
[Black "Guipi Bopala, Prince Eric Jr"]
[Result "1-0"]
[WhiteElo "1965"]
[BlackElo "1826"]
[PlyCount "87"]
[EventDate "2019.02.20"]
[EventType "swiss"]
[EventRounds "5"]
[EventCountry "CAN"]
[SourceTitle "EXT 2022"]
[Source "ChessBase"]
[SourceDate "2021.10.06"]
[SourceVersion "1"]
[SourceVersionDate "2021.10.06"]
[SourceQuality "1"]

1. e4 e5 2. Nf3 Nc6 3. Bb5 a6 4. Ba4 Nf6 5. c3 Be7 6. Qe2 b5 7. Bc2 d6 8. h3 0-0 9. 0-0 h6 10. d4 exd4 11. cxd4 Nb8 12. Rd1 Nbd7 13. e5 Rb8 14. exf6 Nxf6 15. Nc3 c6 16. Bf4 Re8 17. Qd3 Bf8 18. Re1 Rxe1+ 19. Rxe1 g6 20. Qd2 Kh7 21. Ne4 Nd5 22. Bh2 Bf5 23. Nc3 Bxc2 24. Qxc2 Nxc3 25. Qxc3 Rc8 26. Qd3 Bg7 27. Rd1 Qe7 28. Kf1 c5 29. Re1 Qf6 30. dxc5 dxc5 31. Be5 Qb6 32. Qd7 Rf8 33. Bxg7 Kxg7 34. Re7 b4 35. Kg1 Qb5 36. Qc7 Qc4 37. Qe5+ Kg8 38. b3 Qd3 39. Qe2 Qb1+ 40. Kh2 Kg7 41. g3 a5 42. Ne5 Qf5 43. Nc4 Ra8 44. Nd6 1-0

[Event "Montreal Mercredi 02"]
[Site "Montreal"]
[Date "2019.02.20"]
[Round "1"]
[White "Have, Didier"]
[Black "Guipi Bopala, Prince Eric Jr"]
[Result "0-1"]
[WhiteElo "2077"]
[BlackElo "1826"]
[PlyCount "82"]
[EventDate "2019.02.20"]
[EventType "swiss"]
[EventRounds "5"]
[EventCountry "CAN"]
[SourceTitle "EXT 2022"]
[Source "ChessBase"]
[SourceDate "2021.10.06"]
[SourceVersion "1"]
[SourceVersionDate "2021.10.06"]
[SourceQuality "1"]

1. d4 d5 2. Bf4 e6 3. e3 c6 4. c3 f5 5. Nf3 Nf6 6. Nbd2 Be7 7. Ne5 0-0 8. Bd3 Nbd7 9. h3 Nxe5 10. Bxe5 Ne4 11. Qe2 Bd6 12. Nf3 Qe7 13. 0-0-0 Bd7 14. Bxd6 Qxd6 15. Ne5 a5 16. g4 b5 17. Rdg1 f4 18. exf4 Rxf4 19. f3 Ng5 20. Qc2 h6 21. h4 Nxf3 22. Bh7+ Kh8 23. Ng6+ Kxh7 24. Nxf4+ Kg8 25. Nd3 Nxg1 26. Rxg1 Rf8 27. Ne5 Be8 28. g5 h5 29. g6 Qe7 30. Qh2 Qf6 31. Qh3 Qf4+ 32. Kd1 Rf5 33. Re1 Rf6 34. Rg1 Qe4 35. Qg3 Qb1+ 36. Kd2 Qxb2+ 37. Ke3 Qxc3+ 38. Nd3 Bxg6 39. Rd1 Be4 40. Qd6 Bxd3 41. Qc5 Bc4+ 0-1

[Event "Montreal Noel op"]
[Site "Montreal"]
[Date "2018.12.28"]
[Round "3"]
[White "Guipi Bopala, Prince Eric Jr"]
[Black "Saha, Ananda"]
[Result "0-1"]
[WhiteElo "1619"]
[BlackElo "2035"]
[PlyCount "144"]
[EventDate "2018.12.26"]
[EventType "swiss"]
[EventRounds "5"]
[EventCountry "CAN"]
[SourceTitle "CBM 188 Extra"]
[Source "ChessBase"]
[SourceDate "2019.02.26"]
[SourceVersion "1"]
[SourceVersionDate "2019.02.26"]
[SourceQuality "1"]

1. d4 d5 2. Bf4 Nf6 3. e3 c6 4. Bd3 Bg4 5. Nf3 e6 6. Nbd2 Be7 7. h3 Bh5 8. c3 Nbd7 9. 0-0 0-0 10. Qc2 c5 11. Rfe1 c4 12. Be2 Bg6 13. Qc1 b5 14. a3 a5 15. Bd1 Qb6 16. Bc2 b4 17. Bxg6 hxg6 18. Qb1 Nh5 19. Bh2 Bd6 20. Bxd6 Qxd6 21. axb4 axb4 22. b3 cxb3 23. Qxb3 Rab8 24. Reb1 bxc3 25. Qxc3 Rfc8 26. Qd3 Rxb1+ 27. Rxb1 Qc7 28. Qb5 Nhf6 29. Qb7 Qc2 30. Qb3 Qxb3 31. Rxb3 Rc7 32. Rb1 Kf8 33. Kf1 Ke7 34. Ke2 Ne8 35. Ne1 Nd6 36. Nd3 Nc4 37. Rc1 Ndb6 38. Ne5 Kd6 39. Ndxc4+ dxc4 40. e4 f6 41. Nxg6 Ra7 42. Rc2 Ra3 43. Nh4 Kc6 44. Nf3 Kb5 45. Rb2+ Rb3 46. Rxb3+ cxb3 47. Nd2 Kb4 48. Kd3 Ka3 49. f4 b2 50. Kc2 Ka2 51. Nb1 Nc4 52. Nc3+ Ka1 53. g4 Na3+ 54. Kb3 Nb5 55. Nxb5 b1Q+ 56. Kc4 Qxe4 57. f5 Qd5+ 58. Kb4 exf5 59. gxf5 Qxf5 60. Kc4 Qf1+ 61. Kc5 Qf5+ 62. d5 Kb2 63. Kc6 Qc2+ 64. Kb6 Qf2+ 65. Kc6 Qg2 66. Nc7 f5 67. Kd6 f4 68. Ke7 Qe4+ 69. Kd7 f3 70. d6 f2 71. Kc8 f1Q 72. d7 Qxh3 0-1

[Event "Quebec op U2000"]
[Site "Longueuil"]
[Date "2018.07.26"]
[Round "7.30"]
[White "Guipi Bopala, Prince Eric Jr"]
[Black "Haji Ghanbari, Nader"]
[Result "0-1"]
[WhiteElo "1796"]
[BlackElo "1895"]
[PlyCount "76"]
[EventDate "2018.07.21"]
[EventType "swiss"]
[EventRounds "9"]
[EventCountry "CAN"]
[SourceTitle "EXT 2022"]
[Source "ChessBase"]
[SourceDate "2021.10.06"]
[SourceVersion "1"]
[SourceVersionDate "2021.10.06"]
[SourceQuality "1"]

1. d4 Nf6 2. c4 c5 3. d5 b5 4. cxb5 a6 5. b6 d6 6. Nc3 Nbd7 7. e4 g6 8. Nf3 Bg7 9. Bd3 0-0 10. 0-0 Qxb6 11. Qe2 Ng4 12. h3 Nge5 13. Nxe5 Nxe5 14. f4 Nxd3 15. Qxd3 c4+ 16. Qe3 Bd4 17. Nd1 Bxe3+ 18. Bxe3 Qb7 19. Rf2 Bd7 20. Nc3 f6 21. Rc1 Rac8 22. Rfc2 Qb4 23. Rf2 Qa5 24. Rd2 Rb8 25. Rf2 Rb7 26. Re2 Rfb8 27. Rcc2 Kf7 28. Rcd2 Rxb2 29. Rxb2 Rxb2 30. Rxb2 Qxc3 31. Re2 Qd3 32. Kf2 Qxe4 33. Rd2 c3 34. Rd4 Qc2+ 35. Kf3 Bb5 36. Bf2 Qe2+ 37. Kg3 c2 38. a4 Bd3 0-1

[Event "Montreal Mercredi 05"]
[Site "Montreal"]
[Date "2018.05.09"]
[Round "1"]
[White "Barko, Maxim"]
[Black "Guipi Bopala, Prince Eric Jr"]
[Result "1-0"]
[WhiteElo "1936"]
[BlackElo "1910"]
[PlyCount "101"]
[EventDate "2018.05.09"]
[EventType "swiss"]
[EventRounds "5"]
[EventCountry "CAN"]
[SourceTitle "EXT 2022"]
[Source "ChessBase"]
[SourceDate "2021.10.06"]
[SourceVersion "1"]
[SourceVersionDate "2021.10.06"]
[SourceQuality "1"]

1. d4 d5 2. c4 e6 3. Nc3 Be7 4. Bf4 Nf6 5. e3 0-0 6. Nf3 c6 7. Qc2 b6 8. Ne5 Bb7 9. cxd5 exd5 10. Be2 Nbd7 11. 0-0 Nxe5 12. dxe5 Nd7 13. Bd3 h6 14. Qe2 Re8 15. Bg3 Bf8 16. f4 Nc5 17. Bc2 Ba6 18. Qf3 Bxf1 19. Qxf1 Be7 20. Qf2 f6 21. Bg6 Rf8 22. b4 Na6 23. b5 cxb5 24. Rd1 Nc7 25. Be4 Kh8 26. Qe2 Qe8 27. Nxd5 Nxd5 28. Rxd5 Rd8 29. Rxb5 Rd1+ 30. Qxd1 Qxb5 31. Bb1 f5 32. h3 g6 33. Kh2 Rd8 34. Qc2 Qc5 35. Qb3 Qd5 36. Qc3 Qe6 37. Qb2 Rc8 38. Bc2 Qc4 39. Bb3 Qc3 40. Qe2 Rd8 41. Be1 Qd3 42. Qf2 Kh7 43. h4 Qe4 44. Bc3 Rd3 45. Bd4 Bb4 46. Qg3 Rd2 47. Bf7 g5 48. hxg5 h5 49. e6 Bc5 50. g6+ Kh6 51. Qg5# 1-0